Aproximaciones teórico-metodológicas en estudios territoriales : el caso del semillero de investigación territorialidades urbano-rurales en la ciudad contemporánea /

Bibliographic Details
Main Author: Pérez Martínez, Manuel Enrique (Author)
Format: Electronic eBook
Language:Spanish
Published: Bogotá, D. C. : Editorial Pontificia Universidad Javeriana, [2022]
Subjects:
Online Access:Digitalia Hispánica

MARC

LEADER 00000nam a2200000Ii 4500
001 DIGEPUJ0390
003 NyNyDIG
007 cr |||||||||||
008 230529s2022 ck a ob 000 0 spa d
006 m o d
020 |a 9789587817911  |q digital 
035 |a (OCoLC)1369659400 
040 |a DGITA  |b eng  |e rda  |e pn  |c DGITA 
043 |a cl----- 
050 1 4 |a GF514 ebook 
100 1 |a Pérez Martínez, Manuel Enrique,  |e author. 
245 1 0 |a Aproximaciones teórico-metodológicas en estudios territoriales :  |b el caso del semillero de investigación territorialidades urbano-rurales en la ciudad contemporánea /  |c Manuel Enrique Pérez Martínez [and 15 others]. 
264 1 |a Bogotá, D. C. :  |b Editorial Pontificia Universidad Javeriana,  |c [2022] 
300 |a 1 online resource :  |b illustrations. 
336 |a text  |b txt  |2 rdacontent 
337 |a computer  |b c  |2 rdamedia 
338 |a online resource  |b cr  |2 rdacarrier 
347 |a text file  |2 rdaft 
347 |b EPUB 
504 |a Includes bibliographical references. 
588 0 |a Online resource; title from ePub title page (Digitalia, viewed May 29, 2023) 
650 0 |a Human territoriality  |z Latin America. 
650 0 |a Rural-urban migration  |z Latin America. 
650 0 |a Sociología rural  |z Latin America. 
791 2 |a Digitalia (Firm),  |e distributor. 
793 0 |g Digitalia eBook Collection:  |a Pontificia Universidad Javeriana 
776 0 8 |i Print version:  |a Pérez Martínez, Manuel Enrique.  |t Aproximaciones teórico-metodológicas en estudios territoriales.  |b Primera edición.  |d Bogotá, D. C. : Editorial Pontificia Universidad Javeriana, [2022] 
856 4 0 |3 Digitalia Hispánica  |u https://www.digitaliapublishing.com/a/126112/ 
910 |a Premium collection: 2023